[Event "GER-chT U16"]
[Site "Kiel"]
[Date "2022.07.23"]
[Round "1.9"]
[White "Trossmann, Max"]
[Black "Gold, Michael"]
[Result "1-0"]
[WhiteElo "1785"]
[BlackElo "1383"]
[PlyCount "89"]
[EventDate "2022.07.22"]
[EventType "team-swiss"]
[EventRounds "7"]
[EventCountry "GER"]
[SourceTitle "CBM 209 Extra"]
[Source "ChessBase"]
[SourceDate "2022.09.30"]
[SourceVersion "1"]
[SourceVersionDate "2022.09.30"]
[SourceQuality "1"]
[WhiteTeam "Ansbach"]
[BlackTeam "Kelheim"]
[WhiteTeamCountry "GER"]
[BlackTeamCountry "GER"]

1. e4 c6 2. Nc3 g6 3. d4 d5 4. f3 e6 5. Be3 Bg7 6. e5 Ne7 7. Na4 Nd7 8. b4 a5 9. a3 Nf5 10. Bf2 Nb6 11. Nc5 Nd7 12. c3 b6 13. Nxd7 Bxd7 14. Bd3 Qg5 15. g3 Ne3 16. Qe2 Nf5 17. Nh3 Qe7 18. 0-0 0-0 19. f4 c5 20. bxc5 bxc5 21. dxc5 Rfc8 22. Bxf5 exf5 23. Rab1 Rcb8 24. Rfe1 Bc8 25. Bd4 Ba6 26. Rxb8+ Rxb8 27. Qxa6 Rb2 28. Qa8+ Bf8 29. Qxd5 h6 30. e6 Kh7 31. Qe5 g5 32. Qxf5+ Kg8 33. fxg5 Qb7 34. exf7+ Qxf7 35. Qxf7+ Kxf7 36. Rf1+ Ke7 37. g6 Ke8 38. c6 Bd6 39. g7 Kd8 40. g8Q+ Kc7 41. Qe8 Bxa3 42. Qd7+ Kb8 43. Re1 Be7 44. Rxe7 Rb1+ 45. Kg2 1-0